000 00439nam a2200169Ia 4500
003 GCL
008 140319s9999 xx 000 0 eng d
040 _aGCL /
_cGCL
082 0 4 _a941
_bS C
100 1 _aSPECK, W.A.
245 1 0 _aA CONCISE HISTORY OF BRITAIN 1707-1975 /
_cSPECK, W.A.
260 _a[S.N] :
_bCAMBRIDGE UNIVERSITY PRESS ،
_c1993
300 _a210 P
650 0 4 _aHISTORY
650 0 4 _aGREAT BRITAIN
942 _2ddc
_cBK
999 _c24841
_d24841